00605nam a2200205Ia 4500003000400000008004100004020001500045040001600060082001300076100002600089245005700115700002000172260005200192300002900244490003200273650001900305650002300324650001500347650003700362GCL140319s9999 xx 000 0 eng d a1857152042 aGCL / cGCL04a821bH C1 aSLATER, ANN PASTERNAK10aTHE COMPLETE ENGLISH WORKS / cSLATER, ANN PASTERNAK1 aHERBERT, GEORGE aانجلترا : bEVERYMAN'S LIBRARY ، c1995 a21 CM ؛ cIXXIII, 509 P aTHE MILLENNIUM LIBRARYv20404aENGLISH POETRY04aENGLISH LITERATURE04aLITERATURE04aENGLISH LITERATURE - COLLECTIONS